[Event "Rheinland Pfalz op 10th"]
[Site "Nickenich"]
[Date "2018.05.03"]
[Round "7"]
[White "Hanusch, Andreas"]
[Black "Woyave, Pascal"]
[Result "1-0"]
[WhiteElo "1752"]
[BlackElo "1612"]
[PlyCount "65"]
[EventDate "2018.05.31"]
[EventType "swiss"]
[EventRounds "7"]
[EventCountry "GER"]
[SourceTitle "EXT 2019"]
[Source "ChessBase"]
[SourceDate "2018.10.10"]
[SourceVersion "1"]
[SourceVersionDate "2018.10.10"]
[SourceQuality "1"]

1. e4 Nf6 2. e5 Nd5 3. d4 d6 4. Nf3 Nc6 5. a3 Bg4 6. Bc4 dxe5 7. Bxd5 Qxd5 8. Nc3 Qxd4 9. Nxd4 Bxd1 10. Nxc6 bxc6 11. Nxd1 e6 12. 0-0 Bc5 13. b4 Bb6 14. c4 Bd4 15. Ra2 Ke7 16. Ne3 Rhd8 17. c5 Rd7 18. Bb2 Bxe3 19. fxe3 Rd2 20. Rfa1 f6 21. Bc3 Rd3 22. Be1 Rad8 23. Kf2 e4 24. Ke2 R8d5 25. Rd2 Rg5 26. Bg3 Rb3 27. Rad1 Rd5 28. Bxc7 Rxa3 29. h3 g5 30. b5 Rxd2+ 31. Rxd2 cxb5 32. Bd6+ Kd7 33. c6+ 1-0

[Event "Lille Luce op 7th"]
[Site "Lille"]
[Date "2016.04.13"]
[Round "6"]
[White "Woyave, Pascal"]
[Black "Manet, Eric"]
[Result "0-1"]
[WhiteElo "1659"]
[BlackElo "1931"]
[PlyCount "38"]
[EventDate "2016.04.09"]
[EventType "swiss"]
[EventRounds "7"]
[EventCountry "FRA"]
[SourceTitle "CBM 171 Extra"]
[Source "ChessBase"]
[SourceDate "2016.04.26"]
[SourceVersion "1"]
[SourceVersionDate "2016.04.26"]
[SourceQuality "1"]

1. d4 Nf6 2. c4 g6 3. Nc3 Bg7 4. Nf3 d6 5. g3 0-0 6. Bg2 Nbd7 7. 0-0 e5 8. d5 a5 9. a4 Nc5 10. Nd2 Nh5 11. Nde4 Nd7 12. Bd2 h6 13. Nb5 f5 14. Nec3 Kh7 15. e3 Nc5 16. Qc2 f4 17. e4 g5 18. Be1 f3 19. Bh1 Bh3 0-1

[Event "Maastricht Limburg op-C 8th"]
[Site "Maastricht"]
[Date "2014.06.09"]
[Round "7"]
[White "Van Wijnendaele, Jovanni"]
[Black "Woyave, Pascal"]
[Result "1-0"]
[WhiteElo "1654"]
[BlackElo "1603"]
[PlyCount "93"]
[EventDate "2014.06.06"]
[EventType "swiss"]
[EventRounds "7"]
[EventCountry "NED"]
[SourceTitle "EXT 2015"]
[Source "ChessBase"]
[SourceDate "2014.11.20"]
[SourceVersion "1"]
[SourceVersionDate "2014.11.20"]
[SourceQuality "1"]

1. f4 d5 2. Nf3 Nf6 3. d3 c5 4. g3 Nc6 5. c3 Bf5 6. Bg2 Qc7 7. Be3 e5 8. fxe5 Nxe5 9. Nxe5 Qxe5 10. Bf4 Qe6 11. Na3 Bd6 12. 0-0 0-0 13. Qd2 Bxf4 14. Qxf4 Bh3 15. Rae1 Bxg2 16. Kxg2 Qc6 17. Kg1 Rae8 18. e3 Re6 19. Re2 a6 20. b3 Nd7 21. e4 dxe4 22. Rxe4 Rxe4 23. Qxe4 Qxe4 24. dxe4 Re8 25. Re1 f5 26. Nc4 Rxe4 27. Rxe4 fxe4 28. Kf2 Nf6 29. h3 Kf8 30. Nd6 b5 31. c4 Ke7 32. Nf5+ Kf7 33. Ke3 b4 34. Nd6+ Ke6 35. Nb7 Nd7 36. Kxe4 Nf6+ 37. Kf4 Nd7 38. g4 h6 39. h4 g6 40. g5 hxg5+ 41. Kxg5 Kf7 42. Nd6+ Kg7 43. Ne4 a5 44. Nd6 a4 45. bxa4 Ne5 46. a5 Nc6 47. a6 1-0

[Event "La Fere op 8th"]
[Site "La Fere"]
[Date "2009.07.07"]
[Round "5"]
[White "Calonne, Pascal"]
[Black "Woyave, Pascal"]
[Result "1-0"]
[WhiteElo "1545"]
[BlackElo "1630"]
[PlyCount "123"]
[EventDate "2009.07.04"]
[EventType "swiss"]
[EventRounds "9"]
[EventCountry "FRA"]
[SourceTitle "CBM 131 Extra"]
[Source "ChessBase"]
[SourceDate "2009.09.03"]
[SourceVersion "2"]
[SourceVersionDate "2009.09.16"]
[SourceQuality "1"]

1. e4 e6 2. d4 d5 3. e5 c5 4. c3 Nc6 5. Nf3 Nge7 6. Bd3 Nf5 7. Bxf5 exf5 8. 0-0 Be6 9. Be3 cxd4 10. cxd4 Be7 11. Nc3 0-0 12. Rc1 f6 13. Na4 Qb8 14. exf6 Bxf6 15. Nc5 Bc8 16. Qb3 Rd8 17. Nd3 Qd6 18. Bf4 Qf8 19. Qc3 Bd7 20. Rfe1 Rac8 21. Nc5 Qf7 22. Qd3 b6 23. Nb7 Nb4 24. Qb3 Ba4 25. Qxb4 Qxb7 26. Qxa4 b5 27. Qb4 Qb6 28. Rxc8 Rxc8 29. Rc1 Rc4 30. Rxc4 dxc4 31. Qc5 g5 32. Qxb6 axb6 33. Be5 Be7 34. Bc7 b4 35. Ne1 b5 36. d5 Bf6 37. Bd6 c3 38. bxc3 bxc3 39. Bc5 Kf7 40. g3 h5 41. Kf1 f4 42. Ke2 Be5 43. Nf3 Bf6 44. gxf4 gxf4 45. Kd3 Kg6 46. Bb4 Kf5 47. Bxc3 Bd8 48. h3 Be7 49. Nd4+ Kg5 50. Ke4 Kh4 51. Nf5+ Kxh3 52. Nxe7 Kg4 53. Ng6 Kg5 54. Nxf4 h4 55. d6 b4 56. Bxb4 h3 57. Nxh3+ Kh4 58. Kf3 Kxh3 59. d7 Kh2 60. d8Q Kg1 61. Qg8+ Kf1 62. Qg2# 1-0